Normal view MARC view
  • Rossel Odriozola, Cecilia

Entry Nombre Personal

Number of records used in: 1

001 - NUMERO DE CONTROL

  • campo de control: 50719

003 - IDENTIFICADOR DE NUMERO DE CONTROL

  • campo de control: DLC

005 - FECHA Y HORA DE LA ÜLTIMA TRANSACCIÓN

  • campo de control: 20240104105520.0

008 - DATOS DE LONGITUD FIJA

  • campo de control de longitud fija: 100218n| acnnnaabn |a aaa

010 ## - NÚMERO DE CONTROL DE LA BIBLIOTECA DEL CONGRESO

  • Número de control LC: n 2010009377

040 ## - FUENTE DE CATALOGACIÓN

  • Agencia original de catalogación: DLC
  • Lenguaje de catalogación: spa
  • Description conventions: rda
  • Agencia de transcripción: DLC
  • Agencia que lo modifica: DLC
  • Agencia que lo modifica: MX-MxUPN

100 1# - ENCABEZAMIENTO - NOMBRE PERSONAL

  • Nombre personal: Rossel Odriozola, Cecilia

377 ## - LENGUA ASOCIADA

  • Language code: spa

400 1# - VEÁSE - NOMBRE DE PERSONA

  • Personal name: Odriozola, Cecilia Rossel

400 1# - VEÁSE - NOMBRE DE PERSONA

  • Personal name: Rossel, Cecilia

670 ## - FUENTE EN LA QUE SE LOCALIZARON DATOS

  • Cita de la fuente: Rossel Odriozola, Cecilia. Tercer sector y co-gestión de políticas en España y Uruguay, 2008:
  • Información localizada: portada (Cecilia Rossel Odriozola)

670 ## - FUENTE EN LA QUE SE LOCALIZARON DATOS

  • Cita de la fuente: "Te amo, te odio, dame más", diciembre de 2013:
  • Información localizada: portada (Cecilia Rossel) página 11 (Uruguaya)

670 ## - FUENTE EN LA QUE SE LOCALIZARON DATOS

  • Cita de la fuente: Transferencias monetarias no contributivas y educación, 2022 :
  • Información localizada: portada (Cecilia Rossel)

902 ## - CATALOGADOR

  • Catalogador: VíctorGodínez/040123